000 00879nam a22002177a 4500
005 20251126154943.0
010 _aB-763160-172 ENG-147198 BACEN25
020 _a9789390594863
_c225.00
035 _aB-763160-172
035 _aEN-130730
037 _bEmpty Canvas Publishers
037 _bDBAD
082 _a921
_21
245 _aWhy i Am an Atheist:
_bShaheed-E-Azam Bhagat Singh/
250 _a1
260 _aNew Delhi
_bEmpty Canvas Publishers
_c2024
270 _a4435-36/7, First Floor, Ansari Road, Darya Ganj
_bNew Delhi
_e110002
_memptycanvaspublishers@gmail.com
300 _a140p.
_c22cm(pb)
942 _2ddc
_cEN
_h921
_mWHY
_e1
999 _c209516
_d209516